| 000 | 00587nam a2200205Ia 4500 | ||
|---|---|---|---|
| 008 | 240729s9999 xx 000 0 und d | ||
| 022 | _a2692-9384 | ||
| 245 | 0 | _aJCPP Advances | |
| 260 | _aUnited Kingdom | ||
| 260 | _bWiley | ||
| 650 | _a Internal medicine | ||
| 650 | _a Neurology. Diseases of the nervous system | ||
| 650 | _a Neurosciences. Biological psychiatry. Neuropsychiatry | ||
| 650 | _a Pediatrics | Medicine | ||
| 650 | _a Psychiatry | ||
| 650 | _aMedicine | ||
| 856 | _uhttps://doaj.org/toc/88544bad6e1a43799239476604099cd8 | ||
| 942 | _2ddc | ||
| 942 | _cDOAJEJ | ||
| 999 |
_c72714 _d72714 |
||
| 945 |
_a1 _bMadushi Gamage _c1 _dMadushi Gamage |
||